[Event "Chhattisgarh Trophy"]
[Site "Raipur"]
[Date "2002.??.??"]
[Round "11"]
[White "Aravind, CJ."]
[Black "Sanjay, N."]
[Result "1/2-1/2"]
[WhiteElo "2301"]
[BlackElo "2346"]
[PlyCount "25"]
[EventDate "2002.03.02"]
[EventType "swiss"]
[EventRounds "11"]
[EventCountry "IND"]
[SourceTitle "CBM 087 Extra"]
[Source "ChessBase"]
[SourceDate "2002.05.03"]
[SourceVersion "2"]
[SourceVersionDate "2002.08.09"]
[SourceQuality "1"]

1. d4 Nf6 2. Nf3 g6 3. c4 Bg7 4. Nc3 0-0 5. e4 d6 6. Be2 e5 7. dxe5 dxe5 8. Qxd8 Rxd8 9. Bg5 c6 10. Nxe5 Re8 11. 0-0-0 Na6 12. Rd6 Be6 13. f3 1/2-1/2

[Event "Chhattisgarh Trophy"]
[Site "Raipur"]
[Date "2002.??.??"]
[Round "4"]
[White "Fominyh, Alexander"]
[Black "Aravind, CJ."]
[Result "1/2-1/2"]
[WhiteElo "2536"]
[BlackElo "2301"]
[PlyCount "162"]
[EventDate "2002.03.02"]
[EventType "swiss"]
[EventRounds "11"]
[EventCountry "IND"]
[SourceTitle "CBM 087 Extra"]
[Source "ChessBase"]
[SourceDate "2002.05.03"]
[SourceVersion "2"]
[SourceVersionDate "2002.08.09"]
[SourceQuality "1"]

1. d4 d5 2. c4 c6 3. Nf3 Nf6 4. e3 Bf5 5. Nc3 e6 6. Nh4 Bg4 7. Qb3 Qb6 8. h3 Bh5 9. g4 Bg6 10. Nxg6 hxg6 11. Bg2 Na6 12. Bd2 Be7 13. Rc1 Qxb3 14. axb3 Nc7 15. Ke2 0-0-0 16. f3 Kb8 17. Be1 g5 18. Bf2 Nd7 19. f4 gxf4 20. exf4 Nf8 21. Be3 Ng6 22. Rhf1 Nh4 23. Bh1 f5 24. Rf2 Rdf8 25. Na4 Rf7 26. Nc5 Bxc5 27. dxc5 Rhf8 28. Re1 Kc8 29. Kd2 Kd7 30. g5 Re8 31. Bd4 Ng6 32. Rf3 a6 33. Ref1 Rh8 34. R1f2 Rh7 35. Rg3 Rh4 36. Rgf3 Rh8 37. Bc3 Rh4 38. Bg2 Re7 39. Kd1 Rf7 40. Ke1 Re7 41. Kf1 Ke8 42. Kg1 Rh8 43. Bf1 Kd7 44. Bd3 Nh4 45. Re3 Ng6 46. Rf1 Rh4 47. Ref3 Rh8 48. Kh2 Nh4 49. Re3 Ng6 50. Kg3 Rh7 51. Rh1 Rh4 52. Rf3 Rf7 53. Rhf1 Rh8 54. Be1 Nh4 55. Re3 Re7 56. Rh1 Ree8 57. Bc3 Re7 58. Be5 Ne8 59. b4 Ng6 60. cxd5 cxd5 61. b5 Nxe5 62. Rxe5 Nc7 63. b6 Nb5 64. h4 g6 65. Be2 Nd4 66. Bd1 Kc6 67. b4 Kb5 68. Bf3 Kxb4 69. Bxd5 Kxc5 70. Bxe6+ Kxb6 71. Rb1+ Kc7 72. Bd5 Rxe5 73. fxe5 Nc6 74. Rc1 Rh7 75. Bg8 Rg7 76. Be6 Re7 77. Bd5 Rxe5 78. Bf7 Re3+ 79. Kg2 Re4 80. Kg3 Re3+ 81. Kf2 Re4 1/2-1/2

[Event "Chhattisgarh Trophy"]
[Site "Raipur"]
[Date "2002.??.??"]
[Round "10"]
[White "Ravi, Thandalam Shanmugam"]
[Black "Aravind, CJ."]
[Result "1/2-1/2"]
[WhiteElo "2357"]
[BlackElo "2301"]
[PlyCount "108"]
[EventDate "2002.03.02"]
[EventType "swiss"]
[EventRounds "11"]
[EventCountry "IND"]
[SourceTitle "CBM 087 Extra"]
[Source "ChessBase"]
[SourceDate "2002.05.03"]
[SourceVersion "2"]
[SourceVersionDate "2002.08.09"]
[SourceQuality "1"]

1. e4 e5 2. Nf3 Nf6 3. Nxe5 d6 4. Nf3 Nxe4 5. d4 d5 6. Bd3 Be7 7. 0-0 Nc6 8. c4 Nb4 9. Be2 0-0 10. Nc3 Bf5 11. a3 Nxc3 12. bxc3 Nc6 13. Re1 dxc4 14. Bxc4 Bd6 15. Ng5 h6 16. Qf3 Qd7 17. Ne4 Rae8 18. Bd2 Bxe4 19. Rxe4 Rxe4 20. Qxe4 Re8 21. Qd5 Nd8 22. g3 c6 23. Qh5 Ne6 24. a4 Be7 25. Qf5 Bf8 26. Rb1 Rd8 27. Be3 c5 28. dxc5 Nxc5 29. Qxd7 Rxd7 30. a5 Ne4 31. Bxa7 Nxc3 32. Rb3 Ne4 33. Rd3 Rxd3 34. Bxd3 Nc5 35. Bc4 Bd6 36. Bd5 Kf8 37. Bb6 Ke7 38. Bxc5 Bxc5 39. Bxb7 Kd6 40. a6 Ke5 41. Kf1 g5 42. h3 f5 43. Ke2 f4 44. Bf3 Ba7 45. Bg4 Bb6 46. Kf3 fxg3 47. fxg3 Ba7 48. Bc8 Bb6 49. Kg4 Kf6 50. Kf3 Ke5 51. Ke2 Ba7 52. Kd3 Bb6 53. Kc3 Ba7 54. Kc4 Kd6 1/2-1/2